000 00857nam a22002657a 4500
003 0
005 20180709130030.0
008 0
010 _aA-948379
020 _c00.00
035 _aA-948379. A-948380
037 _bCen Lib/Ret
040 _aDPL
_bEN
_c0
082 _a658
_bAND
100 _aAndrews, Patricia Hayes
_926957
245 _aOrganizational communication :
_cby Patricia Hayes Andrews [and] Richard T. Herschel
_bempowerment in a technological society /
260 _aNew Delhi
_bA.I.T.B.S. Publishers
_c1997
270 _aJ-5/6,Krishan Nagar
_bNew Delhi
_e110051
300 _a359p.
_c23cm(Hb)
500 _aIncludes bibliographical reference and index
650 _aCommunication
_99469
650 _aOrganizational sociology
_99903
700 _926754
_a Herschel, Richard T.
942 _2ddc
_cEN
_h658
_mAND
999 _c129629
_d129629